000 00634nam a2200217Ia 4500
003 GCL
008 140319s9999 xx 000 0 ara d
040 _aGCL /
_cGCL
082 0 4 _a810.9
_bه ن
100 1 _aنبيل راغب
245 1 0 _aرشاد رشدى /
_cنبيل راغب
260 _a[S.N] :
_bالهيئة المصرية العامة للكتاب ،
_c1993
300 _a310 ص
490 _aسلسلة نقاد الادب
_v0
650 0 4 _aالادب العربى
650 0 4 _aالعصر الحديث
650 0 4 _aالتراجم
650 0 4 _aالادباء
650 0 4 _aرشاد رشدى
942 _2ddc
_cBK
999 _c36022
_d36022